Ciencias sociales 7 /
Guardado en:
| Autor Principal: | |
|---|---|
| Otros Autores: | , |
| Formato: | Libro |
| Publicado: |
Buenos Aires :
Kapelusz,
2009
|
| Series: | S7
|
| Materias: | |
| Etiquetas: |
Agregar Etiqueta
Sin Etiquetas, Sea el primero en etiquetar este registro!
|
| LEADER | 01277nam a22002655a 4500 | ||
|---|---|---|---|
| 001 | CEM.cems017928 | ||
| 005 | 20130503171742.0 | ||
| 008 | 130507s2009##################000#0#####d | ||
| 003 | CEMS | ||
| 020 | |a 9501309916 | ||
| 082 | 0 | 4 | |a 302 |
| 100 | 1 | |a Vázquez de Fernández, Silvia | |
| 245 | 1 | 0 | |a Ciencias sociales 7 / |c Silvia Vázquez Fernández ... [et Al.] |
| 260 | |a Buenos Aires : |b Kapelusz, |c 2009 | ||
| 300 | |a 312 p. | ||
| 490 | 0 | |a S7 | |
| 505 | 0 | |a La geografía: una ciencia social del espacio -- Nuestro planeta, un sistema por conocer -- El manejo de los recursos naturales y los problemas ambientales -- La población en el mundo -- Los procesos económicos del mundo actual -- Las primeras sociedades humanas -- Las primeras sociedades urbanas -- Sociedades de la Antiguedad clásica: las Polis griegas -- Roma, un Estado colosal y perdurable -- Las sociedades del Medioevo -- La vida en sociedad y las normas | |
| 653 | |a Ciencias sociales | ||
| 653 | |a Ciencias sociales-/mo. egb | ||
| 653 | |a Ciencias sociales-1ro esb | ||
| 653 | |a Eras geológicas | ||
| 700 | 1 | |a Saieb, Patricia Laura | |
| 700 | 1 | |a Iujnevich, Cecilia Alba | |
| 859 | |a CEMS |b BIB. CEMS - Agricultura |h 302 |i V479-2 |p A0833.08 |t Ej.1 | ||
| 859 | |a CEMS |b BIB. CEMS - Agricultura |h 302 |i V479-2 |p A0834.08 |t Ej.2 | ||
